000 00503nam a2200157 4500
001 107825
003 ES-MaACL
005 20230906184512.0
007 t|
008 061121s1923 fr r ||||1| fre d
100 1 _aMoulonguet-Doleris, P.
_983866
245 1 3 _aLa glande a sécrétion interna de l'ovaire humain
_b: etude anatomique et physio-pathologique /
_cpar P. Moulonguet-Doleris.
260 _aParís :
_bAmédée Legrand,
_c1923.
300 _a183 p. ;
_c25 cm.
852 _aES-MaACL
_jB-11354
999 _c107825
_d107825